Challenges, choices and decisions (Record no. 75013)
[ view plain ]
| 000 -LEADER | |
|---|---|
| fixed length control field | 01309cab a2200181 4500 |
| 001 - CONTROL NUMBER | |
| control field | L129242 |
| 008 - FIXED-LENGTH DATA ELEMENTS--GENERAL INFORMATION | |
| fixed length control field | 050404n2005 000 0 eng u |
| 035 ## - SYSTEM CONTROL NUMBER | |
| System control number | (Sirsi) u129242 |
| 041 ## - LANGUAGE CODE | |
| Language code of text/sound track or separate title | eng |
| 100 ## - MAIN ENTRY--PERSONAL NAME | |
| Personal name | Donnelly, Clare |
| 245 ## - TITLE STATEMENT | |
| Title | Challenges, choices and decisions |
| 260 ## - PUBLICATION, DISTRIBUTION, ETC. | |
| Date of publication, distribution, etc. | 2005 |
| 490 ## - SERIES STATEMENT | |
| Series statement | Wastes Management |
| Volume/sequential designation | March 2005, 42-43(2) |
| 520 ## - SUMMARY, ETC. | |
| Summary, etc. | Describes the innovative, capital-wide "Waste Modelling for London Project", a collaboration between the Greater London Authority, the Association of London Government and other partners to be completed by October 2005. It will give London local authorities a statutory, fixed and long-term waste management framework with the message that waste management must become plan driven. The project uses Purgamentum, Mouchel Parkman's bottom-up approach working with all 37 London waste authorities to analyse systematically the logistics and costs of achieving the recycling targets proposed in the Mayor's Municipal Waste Management Strategy and the diversion levels required by the Landfill Directive. A second project phase led by Cranfield will provide a strategic appraisal of the technological options and proposed waste processes. Graphs. |
| 590 ## - LOCAL NOTE (RLIN) | |
| Local note | IKA150405 |
| 690 ## - LOCAL SUBJECT ADDED ENTRY--TOPICAL TERM (OCLC, RLIN) | |
| Topical term or geographic name as entry element | ENVIRONMENTAL AND LAND CONSULTANCY-WASTE MANAGEMENT |
| 942 ## - ADDED ENTRY ELEMENTS (KOHA) | |
| Suppress in OPAC | 0 |
| Withdrawn status | Lost status | Source of classification or shelving scheme | Damaged status | Not for loan | Home library | Current library | Shelving location | Date acquired | Total Checkouts | Full call number | Barcode | Date last seen | Copy number | Price effective from | Koha item type |
|---|---|---|---|---|---|---|---|---|---|---|---|---|---|---|---|
| Dewey Decimal Classification | London | London | Journal article | 04/04/2005 | L129242 | 129242-1001 | 06/08/2019 | 1 | 06/08/2019 | Journal article |